| 000 | 00901nam a2200265 i 4500 | ||
|---|---|---|---|
| 003 | DO-SdBNP | ||
| 005 | 20250502134251.0 | ||
| 007 | ta | ||
| 008 | 250502b1999 dr a|||| |||| 00| 0 spa d | ||
| 040 |
_aDO-SdBNP _bspa _cBNPHU _erda |
||
| 041 | _aspa | ||
| 082 | 4 |
_axxx _bS211p _222 |
|
| 100 | 1 |
_aSánchez, Mariano _eautor _4aut. _969109 |
|
| 245 | 1 | 3 |
_aLa pintura de un visionario / _cMariano Sánchez ; fotografía, Gianfranco Lanzetti ; Correctora, Raysa Polanco. |
| 264 | 4 |
_aSanto Domingo : _bEditora Centenario, _c©1999 |
|
| 300 |
_a343 páginas : _bilustraciones ; _c31 cm. |
||
| 336 |
_atexto _btxt _2rdacontent |
||
| 337 |
_asin mediación _bn _2rdamedia |
||
| 338 |
_avolumen _bnc _2rdacarrier |
||
| 590 | _aInventariado, 2025 /LP | ||
| 700 | 1 |
_aGianfranco Lanzetti, _efotógrafo _4fot. _987649 |
|
| 700 | 1 |
_aPolanco, Correctora, _ecorrector _4corr. _987650 |
|
| 910 | _aLP | ||
| 942 |
_2ddc _cLBS1 |
||
| 999 |
_c58924 _d58924 |
||